| 000 | 01545njm a2200349Ia 4500 | ||
|---|---|---|---|
| 001 | 97585 | ||
| 003 | IT-RoPAU | ||
| 005 | 20220918181146.0 | ||
| 008 | 131025s9999 xx 000 0 und d | ||
| 040 | _aIT-RoPAU | ||
| 040 | _cIT-RoPAU | ||
| 041 | _aITALIANO | ||
| 999 |
_c101702 _d101702 |
||
| 999 | _bn.d. | ||
| 100 |
_aJannacci Enzo _92731 |
||
| 100 |
_eAutore musica _927684 |
||
| 100 |
_gCodice autore musica SPICS: 10956 _92733 |
||
| 245 | _aGuarda la fotografia | ||
| 250 | _a1a ed. | ||
| 260 | _aITALIA | ||
| 260 |
_bDDD - DROGUERIA DI DRUGOLO _c1991 [1a Ed.:1991 - Ed. Lingua Orig.: 1991] |
||
| 300 | _aCOMPACT DISC | ||
| 500 | _aMusica leggera. Canzone italiana. Cantautore | ||
| 505 | _aIl gruista - I dispiaceri - L'alfabeto muore - La fotografia - Songo venuto - Sogno come mafia - Parliamone - La Strana famiglia - The Photograph | ||
| 650 |
_aCANTAUTORI [COMPACT DISC] _eCodice MATERIA SPICS: 9949 _916479 |
||
| 700 |
_aJannacci Enzo _eAutore testo e musica _gCodice autore testo/musica SPICS: 10956 _927685 |
||
| 700 |
_aGaber Giorgio _eAutore musica _gCodice autore musica SPICS: 10906 _pLa Strana famiglia _927686 |
||
| 700 |
_aColli Ombretta _eAutore _gCodice autore SPICS: 11558 _pLa Strana famiglia _927687 |
||
| 700 |
_aAlloisio Giampiero _eAutore testo/musica _gCodice autore testo/musica SPICS: 10715 _pLa Strana famiglia _927688 |
||
| 700 |
_aLemper U. _eAutore testo/musica _gCodice autore testo/musica SPICS: 33999 _pThe Photograph _927689 |
||
| 700 |
_aJannacci Enzo _gCodice interprete SPICS: 10956 _eInterprete _927690 |
||
| 942 |
_cCD _2ddc |
||